000 00559nam a2200169 i 4500
001 49328
003 ES-MaACL
005 20230906161927.0
007 t|
008 030714s1970 sp ||||1| spa d
100 1 _aCortés de Tolosa, Juan.
_940882
245 1 3 _aEl lazarillo de Manzanares /
_cJuan Cortés de Tolosa ; [introducción, notas y glosario de Mª Inés Chamorro Fernández].
260 _aMadrid :
_bTaurus,
_c[1970]
300 _a168 p. ;
_c18 cm.
700 1 _aChamorro Fernández, María Inés.
_937896
852 _aES-MaACL
_jC-40365
_bR.76526
999 _c49328
_d49328